书目信息 |
| 题名: |
创新唤醒农业, 艺术连接城乡
|
|
| 作者: | 陈奕捷 , 徐人杰 主编 | |
| 分册: | ||
| 出版信息: | 北京 中央民族大学出版社 2018 |
|
| 页数: | 195页 | |
| 开本: | 26cm | |
| 丛书名: | ||
| 单 册: | ||
| 中图分类: | F592.71 | |
| 科图分类: | ||
| 主题词: | 观光农业--guan guang nong ye--景观设计--案例--北京 | |
| 电子资源: | ||
| ISBN: | 978-7-5660-1487-0 | |
| 000 | 01271nam 2200253 450 | |
| 001 | 202019138210 | |
| 005 | 20191026133322.0 | |
| 010 | @a978-7-5660-1487-0@dCNY120.00 | |
| 099 | @aCAL 012018072564 | |
| 100 | @a20191025d2018 ekmy0chiy50 ea | |
| 101 | 0 | @achi |
| 102 | @aCN@b110000 | |
| 105 | @aa z 000yy | |
| 106 | @ar | |
| 200 | 1 | @a创新唤醒农业, 艺术连接城乡@Achuang xin huan xing nong ye , yi shu lian jie cheng xiang@f陈奕捷, 徐人杰主编 |
| 210 | @a北京@c中央民族大学出版社@d2018 | |
| 215 | @a195页@c彩图@d26cm | |
| 330 | @a《2017北京休闲农业主题展》向2017北京国际设计周推荐了20位新农人创业案例、36家北京5星级休闲农业园区、7个北京休闲农业园区、14个融合了产业与地域文化风貌的北京乡村轻奢民宿改造案例以及京津冀一体化与休闲农业、中国农业与一带一路等文献资讯。从不同的主题、多个角度地展示了北京休闲农业的基本面貌和发展水平, 揭示了北京休闲农业的产业背景和时代背景, 呈现出北京休闲农业与都市生活的共生关系与发展风向, 并倡导用艺术设计等文化创意手段提升乡村休闲产业的品质与市场竞争力, 改善乡村生活环境、帮助农民增收、促 | |
| 606 | 0 | @a观光农业@Aguan guang nong ye@x景观设计@x案例@y北京 |
| 690 | @aF592.71@v5 | |
| 701 | 0 | @a陈奕捷@Achen yi jie@4主编 |
| 701 | 0 | @a徐人杰@Axu ren jie@4主编 |
| 801 | 0 | @aCN@c20190905 |
| 905 | @a河南城建学院图书馆@dF592.71@eC612-2 | |
| 创新唤醒农业, 艺术连接城乡/陈奕捷, 徐人杰主编.-北京:中央民族大学出版社,2018 |
| 195页:彩图;26cm |
| ISBN 978-7-5660-1487-0:CNY120.00 |
| 《2017北京休闲农业主题展》向2017北京国际设计周推荐了20位新农人创业案例、36家北京5星级休闲农业园区、7个北京休闲农业园区、14个融合了产业与地域文化风貌的北京乡村轻奢民宿改造案例以及京津冀一体化与休闲农业、中国农业与一带一路等文献资讯。从不同的主题、多个角度地展示了北京休闲农业的基本面貌和发展水平, 揭示了北京休闲农业的产业背景和时代背景, 呈现出北京休闲农业与都市生活的共生关系与发展风向, 并倡导用艺术设计等文化创意手段提升乡村休闲产业的品质与市场竞争力, 改善乡村生活环境、帮助农民增收、促 |
| ● |
| 相关链接 |
|
|
|
正题名:创新唤醒农业, 艺术连接城乡
索取号:F592.71/C612-2
 
预约/预借
| 序号 | 登录号 | 条形码 | 馆藏地/架位号 | 状态 | 备注 |
| 1 | 1456336 | 214563364 | 社科库409/409社科库 40排1列2层/ [索取号:F592.71/C612-2] | 在馆 |